000 00703nam a2200277 i 4500
001 bgj
100 1 _aJAMES, Henry
_d(1843-1916)
245 1 0 _aThe Turn of the Screw /
_cHenry James.
260 _aLondon :
_bPenguin Books,
_c1994.
300 _a120, [1] pp ;
_c19 cm.
490 1 _aPenguin Popular Classics ;
_v12
650 9 _aGoverness
650 9 _aChildren
650 9 _aEngland
650 9 _aPsychological fiction
650 9 _aGhost stories
655 _aFiction
655 _afiction
830 _aPenguin Popular Classics ;
020 _a0140620613
040 _cBPK
041 0 _aeng
920 _a0-14-062061-3
942 _cKS
008 s uk f |000 0 eng
999 _c48545
_d48545
856 _uhttp://koha.tu.koszalin.pl/cgi-bin/koha/opac-detail.pl?biblionumber=48545
_yKatalog online BPK